00491nam a2200205Ia 4500008004100000020001800041050001600059100001500075245002600090245001800116260002900134260001700163260000900180300001600189300002000205300001000225300001800235440000600253440002600259170918s9999 xx 000 0 und d a9780310702603 bR918li 2002 aRue, Nancy aRough & rugged Lily / cby Nancy Rue. aGrand Rapids, Michigan : bZonder Kids, c2002 a115 pages : billustrations ; c21cm. eLily series ; a9 vYoung women of faith.